000 00627nam a2200205 i 4500
001 184486
003 ES-MaACL
005 20230906222217.0
008 150911s2003 sp |||| |dspa d
020 _a84-96146-02-2
080 _a61 Chacón, Fernando
080 _a615.277
100 1 _aForcano, Benjamín.
_951684
245 1 0 _aBio-Bac
_b: las cartas boca arriba /
_cBenjamín Forcano.
260 _aMadrid :
_bNueva Utopía,
_c[2003]
300 _a80 p. ;
_c19 cm.
600 1 7 _aChacón Mejías, Fernando.
_9157539
650 7 _aAntineoplásicos.
_9157441
852 _aES-MaACL
_j2332-F-25
_z. - Donat. Carlos París
999 _c184486
_d184486